• 首页
  • 本馆介绍
  • 公告通知
  • 最新文献
  • 馆藏检索
  • 电子资源
  • 读者导购
  • 参考咨询
  • 我的图书馆
  • 登录
  • 详细信息显示
  • 放入我的书架
  • 预约/预借图书
  • 作者相关作品
  • 分类相关作品
  • 丛书相关作品
  • 出版社相关作品

书目信息

  • 表格格式
  • 工作单格式
  • 卡片格式
题名:
“观”:两岸视觉对话
    
 
作者: 王红卫 主编
分册:  
出版信息: 北京   中国工人出版社  2007
页数: 163页
开本: 23×25cm
丛书名:
单 册:
中图分类: J228.1
科图分类:
主题词: 宣传画--中国--现代--画册 , 宣传画
电子资源:
ISBN: 978-7-5008-3805-0
000 00982nam0 2200253 450
001 003373960
005 20070807170744.92
010    @a978-7-5008-3805-0@dCNY98.00@z7-5008-3805-0
100    @a20060104d2007 em y0chiy0110 ea
101 0  @achi
102    @aCN@b110000
105    @aa z 000yy
200 1  @a“观”:两岸视觉对话@9“ guan ” : liang an shi jue dui hua@e第二届“宗日杯”两岸学生海报邀请展@f王红卫主编
210    @a北京@c中国工人出版社@d2007
215    @a163页@d23×25cm
300    @a台湾宗日纸业有限公司主办
330    @a本书收录了中国大陆和台湾两地学生的获奖海报作品。这些作品以“观”为创作主题,共500多件,其中大陆学生作品300多件,台湾学生作品260多件。
517 1  @a第二届“宗日杯”两岸学生海报邀请展@9di er jie “ zong ri bei ” liang an xue sheng hai bao yao qing zhan
606 0  @a宣传画@y中国@z现代@j画册
606 0  @a宣传画
690    @aJ228.1@v4
701  0 @a王红卫@9wang hong wei@4主编
801  0 @aCN@bNLC@c20070807
905    @a10447@dJ228.1@e254
    
    “观”:两岸视觉对话:第二届“宗日杯”两岸学生海报邀请展/王红卫主编.-北京:中国工人出版社,2007
    163页;23×25cm
    台湾宗日纸业有限公司主办
    
    ISBN 978-7-5008-3805-0:CNY98.00
    本书收录了中国大陆和台湾两地学生的获奖海报作品。这些作品以“观”为创作主题,共500多件,其中大陆学生作品300多件,台湾学生作品260多件。
●
相关链接 在E读中查询图书 在五车中查询图书 在当当中查询图书 在豆瓣中查询图书


正题名:"观":两岸视觉对话     索取号:J228.1/254         预约/预借

序号 登录号 条形码 馆藏地/架位号 状态 备注
1 0809559   208095595   第一样本阅览室/ [索取号:J228.1/254] 在馆    
2 0809560   208095602   第一借阅区/ [索取号:J228.1/254] 在馆    
3 0809561   208095611   第一借阅区/ [索取号:J228.1/254] 在馆    
4 0809562   208095620   第一借阅区/ [索取号:J228.1/254] 在馆    
5 0809563   208095639   密集书库-美术系/ [索取号:J228.1/254] 在馆    
6 0809564   208095648   密集书库-美术系/ [索取号:J228.1/254] 在馆    
7 0809565   208095657   美术系资料室/ [索取号:J228.1/254] 在馆    
唐山师范学院图书馆 欢迎您!
大连网信软件有限公司© 版权所有